Square Numbers 1 - 20 - Statistics

General Stats
  • This quiz has been taken 890 times
  • The average score is 17 of 20
Answer Stats
... squared = % Correct
1 1
100%
2 4
99%
4 16
98%
3 9
98%
5 25
97%
6 36
96%
7 49
96%
9 81
96%
10 100
95%
8 64
95%
11 121
94%
12 144
92%
13 169
87%
14 196
79%
15 225
78%
16 256
69%
20 400
62%
17 289
59%
18 324
52%
19 361
49%
No matching quizzes found
Score Distribution
Percent of People with Each Score
Percentile by Number Answered
Your Score History
You have not taken this quiz